000 00496nam a2200169Ia 4500
008 240729s9999 xx 000 0 und d
022 _a1662-5153
245 0 _aFrontiers in Behavioral Neuroscience
260 _aSwitzerland
260 _bFrontiers Media S.A.
650 _a Internal medicine
650 _a Neurosciences. Biological psychiatry. Neuropsychiatry
650 _aMedicine
856 _uhttps://doaj.org/toc/b05cd769bb284bb090ccce61cac1545f
942 _2ddc
942 _cDOAJEJ
999 _c72450
_d72450
945 _a1
_bMadushi Gamage
_c1
_dMadushi Gamage